Elementi con minore Elettronegatività - Statistics

Statistiche generali
  • Questo quiz è stato fatto 9 volte
  • Il punteggio medio è 9 su 15
Statistiche sulle risposte
Elettronegatività (Pauling) Elemento % Corretto
0,89 Bario
88%
0,79 Cesio
88%
0,70 Francio
88%
1,00 Calcio
75%
0,98 Litio
75%
0,90 Radio
75%
0,93 Sodio
75%
0,95 Stronzio
75%
0,82 Rubidio
63%
0,82 Potassio
50%
1,10 Lantanio
38%
1,10 Attinio
25%
1,12 Cerio
25%
1,14 Neodimio
25%
1,13 Praseodimio
25%
Nessun quiz corrispondente trovato
Distribuzione punteggi
Percentuale di utenti per punteggio
Percentile per numero di risposta
I tuoi punteggi nel tempo
Non hai fatto questo quiz